El sol del poder. Simbología y política entre los Muiscas del norte de Los Andes
Sparad:
| Huvudupphovsman: | |
|---|---|
| Materialtyp: | Bok |
| Språk: | spanska |
| Publicerad: |
Bogotá
Universidad Nacional de Colombia
2004
|
| Ämnen: | |
| Taggar: |
Lägg till en tagg
Inga taggar, Lägg till första taggen!
|
MARC
| LEADER | 00000nam a2200000 a 4500 | ||
|---|---|---|---|
| 001 | UCI2571 | ||
| 003 | CL-VaPUC | ||
| 008 | 070831e20040000CK |||||||||||||||||spa|d | ||
| 020 | |a 9587013956 | ||
| 082 | 0 | 4 | |a 305.8009861 |b COR |2 21 |
| 100 | 0 | |a Correa Rubio, Francois |e author |9 523575 | |
| 245 | 1 | 3 | |a El sol del poder. Simbología y política entre los Muiscas del norte de Los Andes |
| 300 | |a 420 p | ||
| 942 | |c BK | ||
| 945 | |d 20070831 00:00:00 |a rbrito | ||
| 260 | |a Bogotá |b Universidad Nacional de Colombia |c 2004 | ||
| 600 | 0 | 7 | |a MUISCAS |2 CL-VaPUC |9 523576 |
| 650 | 0 | |a Iconografía |9 267998 | |
| 650 | 0 | |a Símbolos |9 267425 | |
| 650 | 0 | |a Etnología |9 258726 | |
| 650 | 0 | |a Mitología |9 255719 | |
| 650 | 0 | |a Política |9 255312 | |
| 650 | 7 | |a HISTORIA DE COLOMBIA |2 CL-VaPUC |9 323523 | |
| 651 | 0 | |a Colombia |9 256424 | |
| 583 | |a last modification |c 20070831 00:00:00 |k Rodrigo Vera | ||
| 999 | |c 327062 |d 327060 | ||
| 952 | |0 0 |1 0 |4 0 |6 305_800986100000000_COR_2004 |7 0 |8 A |9 409469 |a BIBEDU |b BIBEDU |d 2019-11-22 |i 4368339 |o 305.8009861 COR 2004 |p 4368339 |r 2019-11-22 |w 2019-11-22 |y BK |k EDU | ||